[Event "94th ARG-ch Superior 2019"]
[Site "Buenos Aires"]
[Date "2019.09.23"]
[Round "8.1"]
[White "Aguilar, Andres"]
[Black "Peralta, Fernando"]
[Result "0-1"]
[WhiteElo "2319"]
[BlackElo "2566"]
[Annotator "TA"]
[PlyCount "110"]
[EventDate "2019.09.16"]
[EventType "tourn"]
[EventCountry "ARG"]

{[%evp 19,110,-1,13,0,22,-9,-5,-18,-14,-50,-42,-45,-43,-58,-58,-61,-56,-56,-55,-54,-60,-79,-57,-87,-43,-91,-89,-77,-52,-58,-25,-19,-28,-37,-29,-32,-8,-39,-16,-62,-52,-79,-69,-102,-83,-97,-90,-89,-83,-627,-77,-77,-76,-204,-73,-97,-93,-240,-165,-186,-16,-31,-24,-109,-36,-59,-8,-4,-27,-121,-94,-104,-100,-105,-102,-147,-160,-151,-119,-116,-115,-127,-115,-134,-134,-134,-134,-850,-841,-806,-395,-29984,-29985]} 1. c4 e6 2. g3 Nf6 3. Bg2 d5 4. Nf3 Be7 5. O-O O-O 6. b3 c5 7. Bb2 Nc6 8. e3 d4 9. exd4 cxd4 10. Re1 Bc5 11. d3 {A14: English Opening: 1...e6 with b3 by White} (11. Ba3 Nd7 12. d3 Re8 13. Nfd2 Bxa3 14. Nxa3 Nc5 15. Ne4 Nxe4 16. Bxe4 e5 17. Qd2 a5 18. c5 Bh3 {0-1 (40) Tomashevsky,E (2716)-Ganguly,S (2668) Doha 2016}) 11... a5 12. Na3 Re8 13. Nb5 {The position is equal.} e5 14. Ng5 $146 ({Predecessor:} 14. h3 Bf5 15. g4 Bg6 16. Nh4 Qd7 17. Bc1 a4 18. bxa4 {0-1 (28) Reschke,T (2087)-Peschel,A (2149) Eschborn 2016}) 14... Bf5 15. a3 Qd7 16. Ne4 Nxe4 17. dxe4 Be6 18. Qd3 Rad8 19. Bc1 f6 20. Bd2 Qf7 21. Rac1 Kh8 22. Kh1 Qe7 23. Ra1 b6 24. f4 exf4 25. gxf4 Rc8 26. Bf3 Red8 27. Rg1 Qf7 28. Rac1 Bf8 (28... g5 $5 {[%cal Rg5f4]}) 29. Be2 Nb8 $1 30. f5 (30. Nxd4 $2 Nc6 $19) 30... Bd7 31. Na7 Rc7 32. Nb5 Bxb5 33. cxb5 Bxa3 34. Bh5 $2 {[%mdl 8192]} (34. Rcd1 $17) 34... Qe7 $2 (34... Qxh5 $19 35. Rxc7 Bd6 $1 {[%mdl 576] Double Attack}) 35. Rxc7 $17 Qxc7 36. Bg6 (36. Rd1 $17) 36... Bf8 ({Stronger than} 36... hxg6 37. Qh3+ Kg8 38. fxg6 $11) (36... Nd7 $1 $19 {is more deadly.} 37. Qh3 Nf8) 37. Qh3 {[%csl Gg6][%cal Rh3h7]} h6 38. Rc1 (38. Qg2 $17) 38... Qe5 {[%mdl 64] Double Attack} 39. Qg2 {intending Bf7.} Nd7 $2 ({Weaker is} 39... Qxb5 40. Bf7 $11) (39... Bb4 $19 {Strongly threatening ...Bxd2.} 40. Bxb4 axb4) 40. Bf7 $11 {Bxh6! is the strong threat.} Nc5 ({Avoid the trap} 40... Qxb5 $2 41. Bxh6 $1 {[%mdl 512]} Qd3 42. Rg1 $18) 41. Re1 (41. Bd5 $11) 41... Bd6 (41... Qc7 $1 $17 {[%cal Rc7f7]} 42. Bc4 Bd6) 42. Bd5 $1 $15 Nd3 (42... Re8 $15) 43. Rg1 $11 {[%csl Gg1][%cal Rg2g7]} Rd7 44. Bc6 (44. Rf1 $1 $11) 44... Rc7 $36 {[%mdl 2048] Black is really pushing.} 45. Rf1 Nb4 46. Bxb4 Bxb4 47. Qf3 Bd6 {[%csl Gd6][%cal Re5h2]} 48. Rf2 Qc5 49. Kg2 Qc1 50. Qd3 Be5 51. Rd2 Ra7 52. Qc2 Qe1 {Hoping for ...Qh4.} 53. Re2 $2 {[%mdl 8192]} (53. Rf2 $17) 53... Qh4 $19 54. Kh1 {[#]} Qh3 $1 55. Qd1 $2 (55. Re1 $19) 55... Qf3+ {Accuracy: White = 25%, Black = 38%.} 0-1

[Event "94th ARG-ch Superior 2019"]
[Site "Buenos Aires"]
[Date "2019.09.23"]
[Round "8.2"]
[White "Valerga, Diego"]
[Black "Dolezal, Cristian"]
[Result "1-0"]
[WhiteElo "2418"]
[BlackElo "2414"]
[Annotator "TA"]
[PlyCount "75"]
[EventDate "2019.09.16"]
[EventType "tourn"]
[EventCountry "ARG"]

{[%evp 20,117,43,37,29,33,47,41,53,55,73,66,77,61,78,77,131,119,130,93,97,90,91,88,88,92,111,97,92,100,96,88,112,112,112,114,95,97,163,159,159,163,141,141,265,264,270,271,433,403,407,389,640,644,645,618,1869,1875,1806,1766,1082,822,1293,1281,1236,1303,1303,1303,1298,1291,1290,1290,1281,1281,1281,1262,1281,1185,1216,753,1271,1271,1230,1007,970,875,29976,29977,29978,29979,29979,29980,29982,29981,29983,29984,29986,29984,29988,29986]} 1. d4 Nf6 2. c4 c5 3. d5 e6 4. Nc3 exd5 5. cxd5 d6 6. Nf3 g6 7. e4 Bg7 8. h3 O-O 9. Bd3 b5 10. O-O a6 11. Re1 Nbd7 {A70: Modern Benoni: 6 e4 g6 7 Nf3} (11... Re8 12. Bf4 Qb6 13. a3 Nbd7 14. Qd2 Bb7 15. b4 Rac8 16. Rac1 Nh5 17. Be3 Qd8 18. Ne2 f5 19. exf5 Bxd5 {1-0 (43) Karpov,A (2623)-Hou,Y (2654) Harbin 2018}) 12. Bf4 Qb6 13. a4 {[%cal Ra4b5]} b4 $146 {White is slightly better.} ({Predecessor:} 13... c4 14. Bf1 Bb7 15. b4 Ng4 16. Qd2 Bxc3 17. Qxc3 Qxf2+ 18. Kh1 Nge5 19. Re2 {½-½ (59) Nikolov,S (2429)-Enchev,I (2431) Bankia 2011}) 14. a5 Qc7 15. Na4 Ne8 16. Be3 Rb8 17. Qe2 Qb7 (17... Qd8 $142) 18. Bf4 $16 f6 19. h4 Rf7 20. Bg3 Bf8 21. h5 g5 22. Nd2 Nc7 23. Nb6 Ne5 24. Bxe5 fxe5 25. Nf1 Bd7 26. Nxd7 Rxd7 27. Qg4 Rg7 28. Ne3 h6 (28... Qc8 $16) 29. Nf5 Rf7 30. f4 $36 {[%mdl 2048] White is on the roll.} exf4 31. e5 dxe5 ({Much worse is} 31... Qxd5 $6 32. Qe2 $11) (31... Ne8 $16 {is a better defense.}) 32. d6 $18 Ne8 33. Rxe5 Nxd6 (33... Kh8 $142 34. Rae1 Nf6) 34. Nxd6 Bxd6 35. Re6 $1 {[%csl LRd6,LRh6]} Qd5 $2 {[#]} (35... Bf8 36. Bc4 Qc8) 36. Rd1 $1 {Black must now prevent Bg6!} Qd4+ 37. Kh1 {aiming for Bg6!} Bf8 {If only Black now had time for ...Rd8....} 38. Be4 {Played: Bd3-g6} 1-0

[Event "94th ARG-ch Superior 2019"]
[Site "Buenos Aires"]
[Date "2019.09.23"]
[Round "8.3"]
[White "Flores, Diego"]
[Black "Bitelmajer, Martin"]
[Result "1-0"]
[WhiteElo "2602"]
[BlackElo "2469"]
[Annotator "TA"]
[PlyCount "95"]
[EventDate "2019.09.16"]
[EventType "tourn"]
[EventCountry "ARG"]

{[%evp 10,95,7,2,6,6,0,-4,10,10,10,8,7,11,12,8,8,-5,-3,-14,0,0,0,-16,-10,0,7,-5,26,29,38,-31,0,0,0,-16,0,-28,-38,-60,-75,-47,0,-30,-35,-61,-53,-66,129,124,126,111,129,99,113,27,122,75,85,80,65,76,100,96,65,0,20,21,23,15,141,140,126,139,140,133,136,127,128,120,209,208,1747,798,29983,29983,2250,215]} 1. c4 c5 2. Nc3 g6 3. g3 Bg7 4. Bg2 Nc6 5. d3 d6 6. Rb1 e6 {A36: Symmetrical English vs ...g6: 4 Bg2 Bg7} (6... Bd7 7. e3 a6 8. Nge2 Rb8 9. b3 h5 10. h3 b5 11. Bb2 b4 12. Ne4 Bxb2 13. Rxb2 h4 14. d4 hxg3 15. fxg3 {1-0 (41) Alekseev,E (2640)-Nasuta,G (2517) Skopje 2019}) 7. h4 h6 8. Bd2 Nge7 {The position is equal.} 9. a3 $146 ({Predecessor:} 9. Qc1 b6 10. a3 Bb7 11. b4 Qd7 12. Nf3 Nf5 13. O-O Ncd4 14. e4 Nxf3+ 15. Bxf3 {1-0 (50) Zwardon,V (2397)-Strebkovs,A (2340) Karvina 2015}) 9... Rb8 10. b4 b6 11. Nf3 Qd7 12. O-O O-O 13. Qa4 Bb7 14. Rfc1 Rfd8 15. Kh2 f5 16. Bf4 e5 17. Bd2 Ba8 18. Nd5 Kh7 19. e4 Rf8 20. Bc3 ({Better is} 20. Kg1 $14) 20... Rf7 21. h5 g5 22. exf5 Nxf5 23. bxc5 dxc5 24. Re1 g4 25. Nd2 Nd6 26. Ne4 Rbf8 27. Kg1 Nf5 $1 28. Rb2 Qd8 $2 (28... Qe6 $15 {keeps the upper hand.}) 29. Qd1 $36 {[%mdl 2048] White is in control.} Nce7 30. Nxe7 $1 ({But not} 30. Qxg4 $6 Bxd5 31. cxd5 Nxd5 $11) 30... Nxe7 31. Qxg4 Kh8 32. Qe6 (32. Qe2 $16) 32... Nc6 (32... Nf5 $1 $11) 33. Re3 Nd4 34. Bxd4 Qxd4 35. Rbe2 Qa1+ 36. Re1 Qb2 {[%cal Rf7f2]} 37. R1e2 (37. R3e2 $5 {[%cal Re2b2]} Qxa3 38. Qg6 $14) 37... Qa1+ 38. Kh2 Bxe4 39. Rxe4 Rxf2 (39... Rf5 $11 {remains equal.}) 40. Rxf2 Rxf2 41. Qe8+ Rf8 42. Qd7 $1 Qb2 ({Inferior is} 42... Qxa3 43. Rg4 Rg8 44. Rxg7 $1 {[%mdl 512]} Rxg7 45. Qd8+ Kh7 46. Be4+ Rg6 47. hxg6+ Kg7 48. Qe7+ Kg8 49. Qh7+ {[%mdl 64] Double Attack} Kf8 50. Qf7#) 43. Qxa7 Rf5 44. Qa8+ Bf8 (44... Rf8 $16 {was worth a try.} 45. Qb7 Rf5) 45. Qe8 $18 Qxa3 $2 {[#]} (45... Rf6 46. Rxe5 (46. Qxe5 Qxe5 47. Rxe5 Bd6 $16) 46... Qd4) 46. Rg4 (46. Qg6 $142 $1 {[%mdl 512]} Rg5 47. Qf7) 46... Qa7 {[#]} 47. Bd5 $1 Qh7 48. Rg8+ {Accuracy: White = 51%, Black = 51%.} 1-0

[Event "94th ARG-ch Superior 2019"]
[Site "Buenos Aires"]
[Date "2019.09.23"]
[Round "8.4"]
[White "Acosta, Pablo Ismael"]
[Black "Pichot, Alan"]
[Result "0-1"]
[WhiteElo "2445"]
[BlackElo "2600"]
[Annotator "TA"]
[PlyCount "86"]
[EventDate "2019.09.16"]
[EventType "tourn"]
[EventCountry "ARG"]

{[%evp 15,86,-37,-29,-56,-64,-74,-27,-30,-21,-62,-50,-176,-130,-108,-107,-121,-119,-120,-118,-123,-112,-150,-145,-138,-130,-195,-179,-217,-207,-282,-307,-358,-352,-413,-397,-377,-366,-367,-369,-368,-350,-451,-212,-200,-172,-162,-175,-208,-170,-171,-165,-205,-49,-54,-23,-25,-25,-30,-37,-114,-111,-331,-331,-331,-274,-287,-274,-356,-279,-844,-770,-739,-710]} 1. d4 Nf6 2. c4 e6 3. Nf3 d5 4. g3 dxc4 5. Qa4+ Nbd7 6. Bg2 a6 7. Qxc4 b5 8. Qc2 Bb7 9. Bf4 {E03: Open Catalan: 5 Qa4+ Nbd7 6 Qxc4} (9. O-O c5 10. Nc3 Rc8 11. dxc5 Bxc5 12. a3 O-O 13. Bg5 Qb6 14. Bxf6 Nxf6 15. e3 a5 16. Rfd1 Rc7 17. Qe2 Ba6 18. Bf1 Ra8 19. Nxb5 Nd5 20. a4 Rac8 21. Nfd4 {1-0 (68) Stupak,K (2537)-Melkumyan,H (2661) Skopje 2019}) 9... c5 10. O-O cxd4 11. Bc7 $146 {Black has an edge.} ({Predecessor:} 11. Nbd2 Nd5 12. Nxd4 Rc8 13. Qb1 Qb6 14. Bxd5 Bxd5 15. Be3 Bc5 16. Nc2 O-O 17. b4 Bxe3 18. Nxe3 {½-½ (66) Bollengier,A (2236)-Leconte,M (2206) Nimes 2014}) 11... Qc8 12. Nbd2 Bd5 13. Nb3 ({White should play} 13. a4 $15) 13... Be4 $36 {[%mdl 2048] Black is really pushing.} 14. Qc1 {[#]} Qb7 $1 {And now ...Rc8 would win.} 15. Na5 Qd5 16. Rd1 e5 17. Qd2 Bc5 18. b4 Bd6 19. Bxd6 Qxd6 20. e3 (20. Ne1 $17) 20... d3 $19 21. Qb2 O-O 22. Ne1 Bxg2 23. Nxg2 e4 24. Rac1 Rac8 25. Qd4 Qxd4 26. exd4 Nd5 27. Nc6 Rfe8 28. f3 {If only White now had time for fxe4....} exf3 (28... f5 $142 {aiming for ...Rc7.} 29. a3 Kf7) 29. Nf4 N7b6 {Hoping for ...d2!} 30. Nxd5 Nxd5 31. Rc5 h6 32. a3 {[#]} g5 $1 {...Rxc6! is the strong threat.} 33. h3 Re6 $2 (33... Re2 $19 {( -> ...f2+)} 34. Rxd3 Rg2+ 35. Kf1 Rxg3) 34. Rxd5 $15 Rcxc6 {[%mdl 4096] Endgame KRR-KRR} 35. Rc5 $1 Rcd6 36. Rxd3 Re2 {Threatens to win with ...Rg2+.} 37. Rxf3 (37. d5 $15) 37... Rxd4 $17 {Strongly threatening ...Rd1+.} 38. Rcf5 $2 (38. Kf1 $17 Red2 39. Rcc3) 38... Rd1+ $19 39. Rf1 Rxf1+ 40. Kxf1 Re3 41. Rf6 Rxg3 42. Rxa6 $2 (42. Rxh6 Rxa3 43. h4) 42... Rxh3 43. Kg2 g4 {Accuracy: White = 37%, Black = 72%.} 0-1

[Event "94th ARG-ch Superior 2019"]
[Site "Buenos Aires"]
[Date "2019.09.23"]
[Round "8.5"]
[White "Scarella, Enrique Alejandro"]
[Black "Tristan, Leonardo"]
[Result "0-1"]
[WhiteElo "2302"]
[BlackElo "2509"]
[Annotator "Igor RC"]
[PlyCount "108"]
[EventDate "2019.09.16"]
[EventType "tourn"]
[EventCountry "ARG"]
[TimeControl "40/5400+30:1800+30"]

{[%evp 0,18,29,12,29,3,-2,-37,-25,-28,-31,-46,3,-15,-23,-23,-14,-34,-20,-25,-25]} 1. Nf3 d5 2. c4 d4 3. g3 Nc6 4. Bg2 e5 5. d3 Bb4+ 6. Bd2 a5 7. O-O Nf6 8. Na3 O-O 9. Nc2 Bxd2 10. Nxd2 Bf5 11. a3 Qd6 12. Rb1 Qe6 13. Nf3 Rad8 14. b4 axb4 15. axb4 h6 16. b5 Ne7 17. Re1 Bh3 18. Qd2 Bxg2 19. Kxg2 Nf5 20. Rbd1 e4 21. dxe4 Nxe4 22. Qb4 Qb6 23. c5 Nxc5 24. Nfxd4 Nxd4 25. Nxd4 Ne4 26. Qc4 Rd7 27. e3 Rfd8 28. Qc2 Ng5 29. h4 Nh7 30. Rc1 Nf8 31. Qe4 Ng6 32. h5 Re7 33. Qf5 Re5 34. Qf3 Ne7 35. Qf4 Qd6 36. g4 Nd5 37. Qg3 Rde8 38. Nf5 Qb4 39. Nd4 Qb2 40. Kg1 Qb4 41. Re2 Re4 42. Rec2 Nxe3 43. fxe3 Rxe3 44. Nf3 R8e4 45. Rg2 Rf4 46. Rf1 Qe4 47. Qh4 Rfxf3 48. Rxf3 Qxf3 49. Qd8+ Kh7 50. Qxc7 Rd3 51. Qe5 Rd5 52. Qc7 f5 53. Qc2 Rd1+ 54. Kh2 Qf4+ 0-1

[Event "94th ARG-ch Superior 2019"]
[Site "Buenos Aires"]
[Date "2019.09.23"]
[Round "8.6"]
[White "Perez, Maximiliano"]
[Black "Krysa, Leandro"]
[Result "1/2-1/2"]
[WhiteElo "2429"]
[BlackElo "2519"]
[Annotator "TA"]
[PlyCount "66"]
[EventDate "2019.09.16"]
[EventType "tourn"]
[EventCountry "ARG"]

{[%evp 26,66,4,0,0,0,0,10,0,3,9,0,0,0,-4,-16,-16,-20,10,16,20,0,24,18,27,0,0,0,0,0,0,0,0,0,0,-15,-12,-15,-9,-15,-9,-14,-6]} 1. e4 e5 2. Nf3 Nc6 3. Bc4 Nf6 4. d3 Be7 5. O-O O-O 6. Re1 d6 7. c3 Na5 8. Bb5 a6 9. Ba4 b5 10. Bc2 c5 11. Nbd2 Nc6 12. Nf1 Re8 13. h3 h6 14. d4 cxd4 {C90: Closed Ruy Lopez with 7...d6: Early deviations} 15. cxd4 Nxd4 16. Nxd4 exd4 17. Qxd4 Be6 18. Ng3 Rc8 19. Bd3 (19. Bb3 d5 20. exd5 Nxd5 21. Ne4 Qd7 22. Bd2 Qb7 {0-1 (67) Predke,A (2622)-Matlakov,M (2700) St Petersburg 2018}) 19... Nd7 20. Nh5 {[%csl Gh5][%cal Rd4g7] [#]} Bf8 21. Nf4 Bc4 $146 ({Predecessor:} 21... Ne5 22. Nxe6 Rxe6 {0-1 (39) Savic,M (2537)-Lekic,D (2417) Obrenovac 2013}) 22. b3 Bxd3 23. Nxd3 d5 24. e5 Nc5 25. Nf4 Ne6 {The position is equal.} 26. Nxe6 Rxe6 27. Bf4 Bc5 28. Qd3 d4 29. Rac1 Rec6 30. Re4 Bb6 31. Rxc6 Rxc6 32. Bd2 Qd5 33. Re1 a5 {Accuracy: White = 71%, Black = 68%.} 1/2-1/2

[Event "94th ARG-ch Superior 2019"]
[Site "Buenos Aires"]
[Date "2019.09.24"]
[Round "9.1"]
[White "Krysa, Leandro"]
[Black "Aguilar, Andres"]
[Result "1-0"]
[WhiteElo "2519"]
[BlackElo "2319"]
[Annotator "TA"]
[PlyCount "109"]
[EventDate "2019.09.16"]
[EventType "tourn"]
[EventCountry "ARG"]

{[%evp 19,109,29,54,50,81,76,76,73,64,64,71,46,95,66,75,67,105,45,72,60,93,58,67,53,50,58,54,54,152,55,55,55,55,49,51,47,54,45,49,45,63,25,33,20,27,18,17,18,27,9,9,10,10,10,10,10,10,0,48,49,150,141,67,8,15,18,232,235,152,228,729,672,727,740,720,663,452,420,742,685,1181,1268,29984,29985,29989,29990,29991,29992,29992,29991,29991,29992]} 1. d4 Nf6 2. c4 g6 3. Nf3 Bg7 4. g3 O-O 5. Bg2 d6 6. O-O Nbd7 7. Qc2 e5 8. Rd1 Re8 9. Nc3 c6 10. e4 Qb6 11. h3 {E68: King's Indian: Fianchetto: 6...Nbd7 7 0-0 e5 8 e4} exd4 12. Nxd4 a5 13. Be3 {And now Ne6! would win.White is better.} Qc7 14. Rd2 Nc5 15. Rad1 {[#]} Qe7 $146 {[%cal Rf6e4]} ({Predecessor:} 15... a4 16. Nde2 Bf8 17. Kh2 Be6 18. b4 axb3 19. axb3 Ra3 {1-0 (35) Metlyakhin,D (2617)-Moskvin,V (2691) Internet 2006}) 16. f3 Bf8 17. Nde2 Qc7 18. Kh2 (18. b3 $16) 18... Be6 19. b3 Rad8 20. Bd4 Nh5 21. f4 f5 22. exf5 Bxf5 23. Qb2 {Black must now prevent g4.} Ne4 {[#]} ({Better is} 23... Ng7 $14) 24. Nxe4 (24. g4 $1 $16 {Nxe4 is the strong threat.} Nxd2 25. Qxd2 (25. gxf5 d5 $16)) 24... Bxe4 $14 25. Bxe4 Rxe4 26. Nc3 Re6 27. Re2 Rde8 28. Rde1 Rxe2+ 29. Rxe2 Qf7 30. Kg2 Rxe2+ 31. Qxe2 Bg7 32. Qe3 Bxd4 33. Qxd4 Qf6 34. Qxf6 (34. Qe3 {seems wilder.} Kf8 35. Ne4 Qb2+ 36. Kf3 Qa1 37. Qd3) 34... Nxf6 $11 {[%mdl 4096] Endgame KN-KN} 35. Kf3 Kf7 36. g4 Ke6 37. Ke3 h5 38. g5 Nd7 39. Ne2 Nc5 ({Black should try} 39... Kf7 $14) 40. h4 Kf7 41. f5 (41. Ng3 $14) 41... gxf5 42. Nf4 a4 $2 (42... Ne6 $1 $11 {and Black stays safe.}) 43. bxa4 $18 ({Much less strong is} 43. Nxh5 $6 axb3 44. axb3 Nxb3 $16) 43... Nxa4 44. Nxh5 Nc3 $2 (44... Nb2 45. Kd4 c5+ 46. Kc3 Nd1+ 47. Kb3 Nf2) 45. Kf4 d5 46. cxd5 Nxd5+ 47. Kxf5 Ne3+ {[#]} 48. Kf4 $1 {[%cal Rf4e3]} Nd5+ (48... Ng2+ $142 49. Kg3 Ne3) 49. Ke5 b5 50. Nf4 Nb4 51. h5 {White mates.} Nxa2 52. h6 Nc3 53. g6+ Kg8 54. Nh5 Nd5 55. Nf6+ {Accuracy: White = 55%, Black = 44%.} 1-0

[Event "94th ARG-ch Superior 2019"]
[Site "Buenos Aires"]
[Date "2019.09.24"]
[Round "9.2"]
[White "Tristan, Leonardo"]
[Black "Perez, Maximiliano"]
[Result "1/2-1/2"]
[WhiteElo "2509"]
[BlackElo "2429"]
[Annotator "ChessBase"]
[PlyCount "61"]
[EventDate "2019.09.16"]
[EventType "tourn"]
[EventCountry "ARG"]
[SourceTitle "playchess.com"]
[Source "ChessBase"]
[SourceQuality "1"]
[TimeControl "40/5400+30:1800+30"]

1. e4 e5 2. Nf3 Nf6 3. Nxe5 d6 4. Nf3 Nxe4 5. d3 Nf6 6. d4 d5 7. Bd3 Bd6 8. Qe2+ Qe7 9. Qxe7+ Kxe7 10. O-O h6 11. Re1+ Be6 12. Nh4 Kd8 13. Nf5 Bxf5 14. Bxf5 Nc6 15. c3 Re8 16. Rxe8+ Kxe8 17. Be3 Ne7 18. Bh3 Nh7 19. g3 Ng5 20. Bxg5 hxg5 21. Nd2 c6 22. Re1 Kd8 23. Nf3 f6 24. Bf1 Kd7 25. Bd3 Re8 26. Kg2 Ng8 27. Bf5+ Kd8 28. Rxe8+ Kxe8 29. Bg6+ Kd7 30. Bf5+ Ke8 31. Bg6+ 1/2-1/2

[Event "94th ARG-ch Superior 2019"]
[Site "Buenos Aires"]
[Date "2019.09.24"]
[Round "9.3"]
[White "Pichot, Alan"]
[Black "Scarella, Enrique Alejandro"]
[Result "1/2-1/2"]
[WhiteElo "2600"]
[BlackElo "2302"]
[Annotator "TA"]
[PlyCount "150"]
[EventDate "2019.09.16"]
[EventType "tourn"]
[EventCountry "ARG"]

{[%evp 24,150,48,46,44,58,84,88,85,91,75,78,79,79,79,80,75,73,77,80,93,89,102,79,85,75,82,84,87,81,91,86,244,238,262,262,262,262,279,279,280,135,143,105,153,104,133,131,201,201,201,197,197,195,260,251,243,204,323,296,310,283,422,422,422,419,511,365,407,397,699,556,695,655,1356,1445,1287,875,1154,1044,937,950,750,47,47,47,47,47,47,40,49,8,47,47,47,47,47,14,47,47,47,14,47,47,47,47,47,8,14,8,14,8,8,8,8,8,8,8,8,8,8,8,8,8,8,8,8,8,8]} 1. e4 c5 2. Nf3 Nc6 3. d4 cxd4 4. Nxd4 g6 5. c4 Nf6 6. Nc3 d6 7. f3 Nxd4 8. Qxd4 Bg7 9. Be3 O-O 10. Qd2 Be6 11. Rc1 Qa5 12. Nd5 Qxd2+ 13. Kxd2 Bxd5 {B36: Sicilian: Maroczy Bind: Gurgenidze System} 14. cxd5 Rac8 (14... Rfc8 15. Be2 a6 16. b4 Nd7 17. a4 Kf8 18. a5 Ke8 19. f4 Bb2 20. Rxc8+ Rxc8 21. Rb1 {½-½ (48) Stocek,J (2581)-Papp,G (2598) Germany 2018}) 15. Rxc8 Rxc8 {White is better.} 16. g3 ({But not} 16. Bxa7 Ra8 $11) 16... b6 17. Bb5 Kf8 18. b4 $146 ({Predecessor:} 18. a4 Ne8 19. Rc1 Rxc1 20. Kxc1 Nc7 21. Bc6 {1-0 (50) Buksa,N (2344)-Ehab,T (1750) Khanty-Mansiysk 2017}) 18... e6 19. Bc6 Ke7 20. Rc1 Nd7 21. f4 Nb8 22. a4 f5 23. exf5 gxf5 24. Kd3 Na6 25. Rc4 Rc7 26. Bd2 Bf6 27. h3 e5 $2 {[#]} (27... h5 $16) 28. g4 $1 $18 fxg4 29. hxg4 exf4 30. Bxf4 ({Not} 30. Rxf4 Nb8 $16) 30... Be5 31. Bg5+ Kf8 32. Ba8 (32. Bb5 $18 {is more deadly.} Rxc4 33. Kxc4) 32... Rf7 $16 33. Bh6+ Bg7 34. Rc8+ Ke7 35. Bg5+ Bf6 (35... Kd7 $16 36. Rc4 Rf3+ 37. Ke2 Rb3) 36. Bd2 $18 {Threatens to win with Bb7.} Rf8 37. Rxf8 Kxf8 {[%mdl 4096] Endgame KBB-KBN} 38. Bb7 Nc7 (38... Nb8 $142 39. Bc8 Ke7) 39. Kc4 Bh4 40. Bf4 Be7 (40... Ke7 $142 41. Bc8 Ne8) 41. Be3 Bd8 42. Bc6 Kf7 (42... Na6 {might work better.} 43. Bd7 Nc7) 43. a5 bxa5 44. b5 a4 45. Kb4 a3 46. Kxa3 Kf6 $2 (46... Ne8 47. Bxa7 Nf6) 47. Bf4 Be7 48. Ka4 Kg6 49. Be3 Bd8 50. Kb3 Kf6 51. Kc4 Ke5 52. Bxa7 Kf4 53. Bd7 $2 ({White should try} 53. Bg1 $18) 53... Na8 $14 54. Be6 Nb6+ 55. Kb4 Ke5 56. Bg8 Nxd5+ 57. Kc4 (57. Ka3 {seems wilder.} Nf6 58. Bb3 Nd7 59. Bg1 d5 60. Kb4) 57... Nb6+ (57... Bb6 {looks sharper.} 58. Bxb6 Nxb6+ 59. Kb4 h6 60. Ka5 Nd7) 58. Bxb6 Bxb6 59. Bxh7 {KB-KB} d5+ 60. Kd3 Kf4 61. Bf5 Ke5 62. Ke2 Kf4 63. Bc8 Bc5 64. Kf1 Bb6 65. Kg2 Bc7 {The position is equal.} 66. Be6 Bb6 67. Kh3 d4 68. Kh4 d3 69. Kh5 d2 (69... Ke5 {feels hotter.} 70. Bf5 d2 71. Bc2 Bd4 72. g5 Kd5) 70. Bb3 {[#] g5 is the strong threat.} Bd8 71. Bd1 Ke5 72. Kg6 Kd6 73. Kf7 Kc5 74. Be2 d1=Q 75. Bxd1 {Hoping for Be2.} Kxb5 {Accuracy: White = 66%, Black = 54%.} 1/2-1/2

[Event "94th ARG-ch Superior 2019"]
[Site "Buenos Aires"]
[Date "2019.09.24"]
[Round "9.4"]
[White "Bitelmajer, Martin"]
[Black "Acosta, Pablo Ismael"]
[Result "1/2-1/2"]
[WhiteElo "2469"]
[BlackElo "2445"]
[Annotator "TA"]
[PlyCount "115"]
[EventDate "2019.09.16"]
[EventType "tourn"]
[EventCountry "ARG"]

{[%evp 14,115,14,28,13,12,26,22,38,35,39,35,49,43,44,42,52,42,62,65,78,67,68,67,63,58,58,28,19,12,47,47,47,45,45,36,41,33,25,8,8,0,7,0,0,0,0,0,0,0,0,0,0,0,8,8,8,9,7,51,66,66,64,0,0,0,0,-29,0,0,0,0,0,0,0,0,0,0,0,0,0,0,0,0,0,0,0,0,0,0,0,0,0,0,0,0,0,0,0,0,0,0,0,0]} 1. d4 d5 2. c4 c6 3. Nf3 Nf6 4. g3 g6 5. Bg2 Bg7 6. O-O O-O 7. b3 dxc4 8. bxc4 c5 {D78: Fianchetto Grünfeld: 6 0-0 c6} 9. Bb2 (9. Na3 Bf5 10. Bb2 cxd4 11. Nxd4 Be4 12. f3 Bc6 13. e4 Qb6 14. Qb3 Nxe4 15. Rad1 Nc5 16. Qxb6 axb6 {½-½ (43) Ding,L (2805)-Grischuk,A (2775) Stavanger 2019}) 9... Qb6 10. Qb3 Rd8 11. d5 e6 12. dxe6 Bxe6 13. Ng5 Nc6 14. Nxe6 fxe6 15. Na3 $146 ({Predecessor:} 15. Bxc6 Qxc6 16. f3 Rd7 17. Nc3 Rad8 18. Rad1 b6 19. Rxd7 Rxd7 20. Rd1 {½-½ (20) Sisak,R (1926)-Dreisch,J (2031) ICCF email 2017}) 15... Qxb3 16. axb3 Na5 17. Rab1 Rd7 18. Bc3 Nc6 19. Bxc6 bxc6 20. f3 a5 21. Nc2 a4 22. Ra1 Rda7 23. bxa4 Rxa4 24. Rfb1 Ne8 25. Bxg7 Nxg7 26. g4 e5 27. Rxa4 Rxa4 $11 {[%mdl 4096] Endgame KRN-KRN} 28. Rb8+ Kf7 29. Ne1 Ne6 30. Nd3 Kf6 31. Rc8 Nd4 32. Nxc5 Rxc4 33. Ne4+ Ke7 34. Rc7+ Ke6 35. Kf2 Rc2 36. Ng3 c5 37. Rxh7 c4 38. Ke3 (38. h4 $1 $14) 38... c3 39. Rc7 Rc1 {[#] ...c2 is the strong threat.} 40. f4 c2 {And now ...Ra1 would win.} (40... Kd6 $5 {[%cal Rd6c7]} 41. Rc8 Nc6 $17) 41. fxe5 {The position is equal.} Rd1 {aiming for ...Kd5.} 42. Ne4 {With the idea Nc5+.} c1=Q+ 43. Rxc1 Rxc1 44. Kxd4 {KR-KN} Rd1+ 45. Ke3 Kxe5 46. Ng5 $1 Ra1 {next ...Ra3+ is good for Black.} 47. Nf3+ Kf6 48. Kf4 Ra2 49. e4 g5+ 50. Nxg5 Rxh2 51. Nf3 Re2 52. e5+ Kg6 53. Nh4+ Kf7 54. Nf3 Rf2 55. Kg3 Re2 56. Kf4 Rf2 57. Kg3 Re2 58. Kf4 {Accuracy: White = 76%, Black = 78%.} 1/2-1/2